000 00556nam a2200181 4500
001 122067
003 ES-MaACL
005 20231110184526.0
007 t|
008 070214s1977 sp r ||||1| spa d
245 0 0 _aPoemas del destierro
_b: antología, siglos XVI-XX /
_c[selección y prólogo de] José María Balcells.
250 _a1ª ed.
260 _aBarcelona :
_bPlaza & Janés,
_c1977.
300 _a302 p. ;
_c19 cm.
700 1 _aBalcells, José María,
_d1943-
_924862
852 _aES-MaACL
_jA-10680
_bR.99758
999 _c122067
_d122067